Subdivisions Bordering Azerbaijan - Statistics

General Stats
  • This quiz has been taken 14 times
  • The average score is 5 of 13
Answer Stats
Country Answer % Correct
Russia Dagestan
73%
Iran East Azerbaijan
55%
Iran Ardabil
45%
Iran Gilan
45%
Turkey Iğdır
45%
Iran West Azerbaijan
45%
Armenia Ararat
36%
Armenia Gegharkunik
36%
Armenia Syunik
36%
Georgia Kvemo Kartli
27%
Armenia Tavush
27%
Georgia Kakheti
18%
Armenia Vayots Dyor
0%
No matching quizzes found
Score Distribution
Percent of People with Each Score
Percentile by Number Answered
Your Score History
You have not taken this quiz